Normal view
MARC view
Entry Personal Name
001 - CONTROL NUMBER
- control field: 849335
003 - CONTROL NUMBER IDENTIFIER
- control field: OSt
005 - DATE AND TIME OF LATEST TRANSACTION
- control field: 20251023144638.0
008 - FIXED-LENGTH DATA ELEMENTS
- fixed length control field: 251023|| aca||aabn | a|a d
040 ## - CATALOGING SOURCE
- Original cataloging agency: OSt
- Transcribing agency: OSt
100 ## - HEADING--PERSONAL NAME
- Personal name: Namdy, Ashis
670 ## - SOURCE DATA FOUND
- Source citation: Work cat.: (OSt)586157: 28298, Secret politics of our desires: innocence, culpability and lndian popular cinema , 1998
